<?xml version="1.0" encoding="UTF-8"?><marc:collection xmlns:marc="http://www.loc.gov/MARC21/slim">
  <marc:record>
    <marc:leader>04457nas a2200745 c 4500</marc:leader>
    <marc:controlfield tag="001">010002138</marc:controlfield>
    <marc:controlfield tag="003">DE-101</marc:controlfield>
    <marc:controlfield tag="005">20250507210334.0</marc:controlfield>
    <marc:controlfield tag="007">tu</marc:controlfield>
    <marc:controlfield tag="008">991118d19452009gw z||p|  l|| 0||||1ger c</marc:controlfield>
    <marc:datafield tag="015" ind1=" " ind2=" ">
      <marc:subfield code="a">86,B34,0114</marc:subfield>
      <marc:subfield code="2">dnb</marc:subfield>
    </marc:datafield>
    <marc:datafield tag="016" ind1="7" ind2=" ">
      <marc:subfield code="2">DE-600</marc:subfield>
      <marc:subfield code="a">257-4</marc:subfield>
    </marc:datafield>
    <marc:datafield tag="016" ind1="7" ind2=" ">
      <marc:subfield code="2">DE-101</marc:subfield>
      <marc:subfield code="a">010002138</marc:subfield>
    </marc:datafield>
    <marc:datafield tag="032" ind1=" " ind2=" ">
      <marc:subfield code="a">1260</marc:subfield>
    </marc:datafield>
    <marc:datafield tag="035" ind1=" " ind2=" ">
      <marc:subfield code="a">(DE-599)ZDB257-4</marc:subfield>
    </marc:datafield>
    <marc:datafield tag="035" ind1=" " ind2=" ">
      <marc:subfield code="a">(OCoLC)1367318679</marc:subfield>
    </marc:datafield>
    <marc:datafield tag="040" ind1=" " ind2=" ">
      <marc:subfield code="a">9001</marc:subfield>
      <marc:subfield code="b">ger</marc:subfield>
      <marc:subfield code="c">DE-101</marc:subfield>
      <marc:subfield code="d">9999</marc:subfield>
    </marc:datafield>
    <marc:datafield tag="041" ind1=" " ind2=" ">
      <marc:subfield code="a">ger</marc:subfield>
    </marc:datafield>
    <marc:datafield tag="042" ind1=" " ind2=" ">
      <marc:subfield code="a">zdb</marc:subfield>
    </marc:datafield>
    <marc:datafield tag="044" ind1=" " ind2=" ">
      <marc:subfield code="c">XA-DE</marc:subfield>
    </marc:datafield>
    <marc:datafield tag="082" ind1="7" ind2="4">
      <marc:subfield code="a">350</marc:subfield>
      <marc:subfield code="q">DE-600</marc:subfield>
      <marc:subfield code="2">22sdnb</marc:subfield>
    </marc:datafield>
    <marc:datafield tag="084" ind1=" " ind2=" ">
      <marc:subfield code="a">19</marc:subfield>
      <marc:subfield code="a">20</marc:subfield>
      <marc:subfield code="a">16</marc:subfield>
      <marc:subfield code="a">340</marc:subfield>
      <marc:subfield code="a">360</marc:subfield>
      <marc:subfield code="q">DE-101</marc:subfield>
      <marc:subfield code="2">sdnb</marc:subfield>
    </marc:datafield>
    <marc:datafield tag="084" ind1=" " ind2=" ">
      <marc:subfield code="a">3,8</marc:subfield>
      <marc:subfield code="a">8,1</marc:subfield>
      <marc:subfield code="2">ssgn</marc:subfield>
    </marc:datafield>
    <marc:datafield tag="084" ind1=" " ind2=" ">
      <marc:subfield code="a">600</marc:subfield>
      <marc:subfield code="2">rpb</marc:subfield>
    </marc:datafield>
    <marc:datafield tag="084" ind1=" " ind2=" ">
      <marc:subfield code="a">PB 1050</marc:subfield>
      <marc:subfield code="2">rvk</marc:subfield>
    </marc:datafield>
    <marc:datafield tag="110" ind1="1" ind2=" ">
      <marc:subfield code="0">(DE-588)4076919-7</marc:subfield>
      <marc:subfield code="0">https://d-nb.info/gnd/4076919-7</marc:subfield>
      <marc:subfield code="0">(DE-101)040769194</marc:subfield>
      <marc:subfield code="a">Saarland</marc:subfield>
      <marc:subfield code="e">Verfasser</marc:subfield>
      <marc:subfield code="4">aut</marc:subfield>
      <marc:subfield code="2">gnd</marc:subfield>
    </marc:datafield>
    <marc:datafield tag="210" ind1="0" ind2="0">
      <marc:subfield code="a">Amtsbl.d.Saarl., Saarbruecken</marc:subfield>
    </marc:datafield>
    <marc:datafield tag="245" ind1="1" ind2="0">
      <marc:subfield code="a">Amtsblatt des Saarlandes</marc:subfield>
      <marc:subfield code="c">hrsg. vom Chef der Staatskanzlei</marc:subfield>
    </marc:datafield>
    <marc:datafield tag="246" ind1="1" ind2=" ">
      <marc:subfield code="i">Nebent.:</marc:subfield>
      <marc:subfield code="a">Bulletin officiel de la Sarre</marc:subfield>
    </marc:datafield>
    <marc:datafield tag="247" ind1="0" ind2="0">
      <marc:subfield code="a">Amtsblatt des Regierungspräsidiums Saar</marc:subfield>
      <marc:subfield code="f">Hauptsacht. bis 1946,48</marc:subfield>
    </marc:datafield>
    <marc:datafield tag="247" ind1="0" ind2="0">
      <marc:subfield code="a">Amtsblatt der Verwaltungskommission des Saarlandes</marc:subfield>
      <marc:subfield code="f">Hauptsacht. 1946,49 - 1947,66</marc:subfield>
    </marc:datafield>
    <marc:datafield tag="247" ind1="0" ind2="0">
      <marc:subfield code="a">Bulletin officiel de la Commission d'Administration du Territoire de la Sarre</marc:subfield>
      <marc:subfield code="f">Parallelsacht. 1946,49 - 1947,66</marc:subfield>
    </marc:datafield>
    <marc:datafield tag="264" ind1="3" ind2="1">
      <marc:subfield code="a">Saarbrücken</marc:subfield>
      <marc:subfield code="b">Chef der Staatskanzlei</marc:subfield>
      <marc:subfield code="c">1945-2009</marc:subfield>
    </marc:datafield>
    <marc:datafield tag="264" ind1="2" ind2="1">
      <marc:subfield code="3">früher</marc:subfield>
      <marc:subfield code="a">Saarbrücken</marc:subfield>
      <marc:subfield code="b">Saarbrücker Zeitung</marc:subfield>
    </marc:datafield>
    <marc:datafield tag="300" ind1=" " ind2=" ">
      <marc:subfield code="c">30 cm</marc:subfield>
    </marc:datafield>
    <marc:datafield tag="336" ind1=" " ind2=" ">
      <marc:subfield code="a">Text</marc:subfield>
      <marc:subfield code="b">txt</marc:subfield>
      <marc:subfield code="2">rdacontent</marc:subfield>
    </marc:datafield>
    <marc:datafield tag="337" ind1=" " ind2=" ">
      <marc:subfield code="a">ohne Hilfsmittel zu benutzen</marc:subfield>
      <marc:subfield code="b">n</marc:subfield>
      <marc:subfield code="2">rdamedia</marc:subfield>
    </marc:datafield>
    <marc:datafield tag="338" ind1=" " ind2=" ">
      <marc:subfield code="a">Band</marc:subfield>
      <marc:subfield code="b">nc</marc:subfield>
      <marc:subfield code="2">rdacarrier</marc:subfield>
    </marc:datafield>
    <marc:datafield tag="362" ind1="0" ind2=" ">
      <marc:subfield code="a">1945,Juni - 2009,47</marc:subfield>
    </marc:datafield>
    <marc:datafield tag="363" ind1="0" ind2="0">
      <marc:subfield code="8">1.1\x</marc:subfield>
      <marc:subfield code="i">1945</marc:subfield>
    </marc:datafield>
    <marc:datafield tag="363" ind1="1" ind2="0">
      <marc:subfield code="8">1.2\x</marc:subfield>
      <marc:subfield code="b">47</marc:subfield>
      <marc:subfield code="i">2009</marc:subfield>
    </marc:datafield>
    <marc:datafield tag="515" ind1=" " ind2=" ">
      <marc:subfield code="a">Ersch. unregelmäßig</marc:subfield>
    </marc:datafield>
    <marc:datafield tag="546" ind1=" " ind2=" ">
      <marc:subfield code="a">PVK: U 1260 A</marc:subfield>
    </marc:datafield>
    <marc:datafield tag="583" ind1="1" ind2=" ">
      <marc:subfield code="a">Archivierung/Langzeitarchivierung gewährleistet</marc:subfield>
      <marc:subfield code="f">PESL</marc:subfield>
      <marc:subfield code="5">DE-291</marc:subfield>
      <marc:subfield code="2">pdager</marc:subfield>
    </marc:datafield>
    <marc:datafield tag="591" ind1=" " ind2=" ">
      <marc:subfield code="a">IIA!(05-01-10)</marc:subfield>
    </marc:datafield>
    <marc:datafield tag="650" ind1=" " ind2="7">
      <marc:subfield code="0">(DE-588)4142298-3</marc:subfield>
      <marc:subfield code="0">https://d-nb.info/gnd/4142298-3</marc:subfield>
      <marc:subfield code="0">(DE-101)041422988</marc:subfield>
      <marc:subfield code="a">Amtsblatt</marc:subfield>
      <marc:subfield code="9">rswk-swf</marc:subfield>
      <marc:subfield code="2">gnd</marc:subfield>
    </marc:datafield>
    <marc:datafield tag="651" ind1=" " ind2="7">
      <marc:subfield code="0">(DE-588)4076919-7</marc:subfield>
      <marc:subfield code="0">https://d-nb.info/gnd/4076919-7</marc:subfield>
      <marc:subfield code="0">(DE-101)040769194</marc:subfield>
      <marc:subfield code="a">Saarland</marc:subfield>
      <marc:subfield code="9">rswk-swf</marc:subfield>
      <marc:subfield code="2">gnd</marc:subfield>
    </marc:datafield>
    <marc:datafield tag="655" ind1=" " ind2="7">
      <marc:subfield code="0">(DE-588)4067488-5</marc:subfield>
      <marc:subfield code="0">https://d-nb.info/gnd/4067488-5</marc:subfield>
      <marc:subfield code="0">(DE-101)040674886</marc:subfield>
      <marc:subfield code="a">Zeitschrift</marc:subfield>
      <marc:subfield code="2">gnd-content</marc:subfield>
    </marc:datafield>
    <marc:datafield tag="655" ind1=" " ind2="7">
      <marc:subfield code="0">(DE-588)4142300-8</marc:subfield>
      <marc:subfield code="0">https://d-nb.info/gnd/4142300-8</marc:subfield>
      <marc:subfield code="0">(DE-101)041423003</marc:subfield>
      <marc:subfield code="a">Amtliche Publikation</marc:subfield>
      <marc:subfield code="2">gnd-content</marc:subfield>
    </marc:datafield>
    <marc:datafield tag="689" ind1="0" ind2="0">
      <marc:subfield code="0">(DE-588)4076919-7</marc:subfield>
      <marc:subfield code="0">https://d-nb.info/gnd/4076919-7</marc:subfield>
      <marc:subfield code="0">(DE-101)040769194</marc:subfield>
      <marc:subfield code="D">g</marc:subfield>
      <marc:subfield code="a">Saarland</marc:subfield>
    </marc:datafield>
    <marc:datafield tag="689" ind1="0" ind2="1">
      <marc:subfield code="0">(DE-588)4142298-3</marc:subfield>
      <marc:subfield code="0">https://d-nb.info/gnd/4142298-3</marc:subfield>
      <marc:subfield code="0">(DE-101)041422988</marc:subfield>
      <marc:subfield code="D">s</marc:subfield>
      <marc:subfield code="a">Amtsblatt</marc:subfield>
    </marc:datafield>
    <marc:datafield tag="689" ind1="0" ind2=" ">
      <marc:subfield code="5">DE-600</marc:subfield>
      <marc:subfield code="5">DE-600</marc:subfield>
    </marc:datafield>
    <marc:datafield tag="710" ind1="1" ind2=" ">
      <marc:subfield code="0">(DE-588)35812-5</marc:subfield>
      <marc:subfield code="0">https://d-nb.info/gnd/35812-5</marc:subfield>
      <marc:subfield code="0">(DE-101)000358126</marc:subfield>
      <marc:subfield code="a">Saarland</marc:subfield>
      <marc:subfield code="b">Regierungspräsidium</marc:subfield>
      <marc:subfield code="e">Herausgebendes Organ</marc:subfield>
      <marc:subfield code="4">isb</marc:subfield>
      <marc:subfield code="2">gnd</marc:subfield>
    </marc:datafield>
    <marc:datafield tag="710" ind1="1" ind2=" ">
      <marc:subfield code="0">(DE-588)35811-3</marc:subfield>
      <marc:subfield code="0">https://d-nb.info/gnd/35811-3</marc:subfield>
      <marc:subfield code="0">(DE-101)000358118</marc:subfield>
      <marc:subfield code="a">Saarland</marc:subfield>
      <marc:subfield code="b">Verwaltungskommission</marc:subfield>
      <marc:subfield code="e">Herausgebendes Organ</marc:subfield>
      <marc:subfield code="4">isb</marc:subfield>
      <marc:subfield code="2">gnd</marc:subfield>
    </marc:datafield>
    <marc:datafield tag="770" ind1="0" ind2="8">
      <marc:subfield code="i">Supplement</marc:subfield>
      <marc:subfield code="a">Saarland</marc:subfield>
      <marc:subfield code="t">Sammlung des bereinigten saarländischen Landesrechts</marc:subfield>
      <marc:subfield code="d">Saarbrücken : [Regierung des Saarlandes], 1970-</marc:subfield>
      <marc:subfield code="h">Bände (Loseblattsammlung)</marc:subfield>
      <marc:subfield code="w">(DE-600)527478-3</marc:subfield>
      <marc:subfield code="w">(DE-101)012812099</marc:subfield>
    </marc:datafield>
    <marc:datafield tag="770" ind1="0" ind2="8">
      <marc:subfield code="i">Supplement</marc:subfield>
      <marc:subfield code="a">Paritätischer Währungsausschuss</marc:subfield>
      <marc:subfield code="t">Amtsblatt des Paritätischen Währungsausschusses</marc:subfield>
      <marc:subfield code="d">Saarbrücken : [Verlag nicht ermittelbar], 1959-1959</marc:subfield>
      <marc:subfield code="w">(DE-600)210694-2</marc:subfield>
      <marc:subfield code="w">(DE-101)01122228X</marc:subfield>
    </marc:datafield>
    <marc:datafield tag="776" ind1="0" ind2="8">
      <marc:subfield code="i">Erscheint auch als</marc:subfield>
      <marc:subfield code="n">CD-ROM-Ausgabe</marc:subfield>
      <marc:subfield code="a">Saarland</marc:subfield>
      <marc:subfield code="t">Amtsblatt des Saarlandes</marc:subfield>
      <marc:subfield code="d">Saarbrücken : Saarbrücker Druckerei u. Verl., 1999-2003</marc:subfield>
      <marc:subfield code="h">CD-ROMs</marc:subfield>
      <marc:subfield code="w">(DE-600)2057383-2</marc:subfield>
      <marc:subfield code="w">(DE-101)022580492</marc:subfield>
    </marc:datafield>
    <marc:datafield tag="776" ind1="0" ind2="8">
      <marc:subfield code="i">Erscheint auch als</marc:subfield>
      <marc:subfield code="n">Online-Ausgabe</marc:subfield>
      <marc:subfield code="a">Saarland</marc:subfield>
      <marc:subfield code="t">Amtsblatt des Saarlandes</marc:subfield>
      <marc:subfield code="d">Saarbrücken : [Verlag nicht ermittelbar], 1945-2009</marc:subfield>
      <marc:subfield code="h">Online-Ressource</marc:subfield>
      <marc:subfield code="w">(DE-600)2220192-0</marc:subfield>
      <marc:subfield code="w">(DE-101)978369955</marc:subfield>
    </marc:datafield>
    <marc:datafield tag="780" ind1="0" ind2="0">
      <marc:subfield code="i">Fortsetzung von</marc:subfield>
      <marc:subfield code="a">Deutsches Reich / Reichsstatthalter in der Westmark und Chef der Zivilverwaltung in Lothringen</marc:subfield>
      <marc:subfield code="t">Verordnungs- u. Amtsblatt des Reichsstatthalters in der Westmark</marc:subfield>
      <marc:subfield code="d">Saarbrücken : [Verlag nicht ermittelbar], 1941-1944</marc:subfield>
      <marc:subfield code="w">(DE-600)221221-3</marc:subfield>
      <marc:subfield code="w">(DE-101)011305177</marc:subfield>
    </marc:datafield>
    <marc:datafield tag="780" ind1="0" ind2="5">
      <marc:subfield code="i">Darin aufgegangen</marc:subfield>
      <marc:subfield code="a">Saarland</marc:subfield>
      <marc:subfield code="t">Gemeinsames Ministerialblatt Saarland</marc:subfield>
      <marc:subfield code="d">Saarbrücken : Chef der Staatskanzlei, 1968-2003</marc:subfield>
      <marc:subfield code="x">0534-0004</marc:subfield>
      <marc:subfield code="w">(DE-600)203143-7</marc:subfield>
      <marc:subfield code="w">(DE-101)011159340</marc:subfield>
    </marc:datafield>
    <marc:datafield tag="785" ind1="0" ind2="6">
      <marc:subfield code="i">Gesplittet in</marc:subfield>
      <marc:subfield code="a">Saarland</marc:subfield>
      <marc:subfield code="t">Amtsblatt des Saarlandes / Teil 1. Teil I</marc:subfield>
      <marc:subfield code="d">Saarbrücken : Chef der Staatskanzlei, 2009-2009</marc:subfield>
      <marc:subfield code="w">(DE-600)2533670-8</marc:subfield>
      <marc:subfield code="w">(DE-101)999612662</marc:subfield>
    </marc:datafield>
    <marc:datafield tag="785" ind1="0" ind2="6">
      <marc:subfield code="i">Gesplittet in</marc:subfield>
      <marc:subfield code="a">Saarland</marc:subfield>
      <marc:subfield code="t">Amtsblatt des Saarlandes / Teil 2. Teil II</marc:subfield>
      <marc:subfield code="d">Saarbrücken : Chef der Staatskanzlei, 2009-</marc:subfield>
      <marc:subfield code="w">(DE-600)2529431-3</marc:subfield>
      <marc:subfield code="w">(DE-101)998974544</marc:subfield>
    </marc:datafield>
    <marc:datafield tag="850" ind1=" " ind2=" ">
      <marc:subfield code="a">DE-101a</marc:subfield>
      <marc:subfield code="a">DE-101b</marc:subfield>
    </marc:datafield>
    <marc:datafield tag="889" ind1=" " ind2=" ">
      <marc:subfield code="w">(DE-101)551179244</marc:subfield>
    </marc:datafield>
    <marc:datafield tag="925" ind1="r" ind2=" ">
      <marc:subfield code="a">rb</marc:subfield>
    </marc:datafield>
  </marc:record>
</marc:collection>
